000 00681nam a2200193 i 4500
001 149535
003 ES-MaACL
005 20250608193144.0
007 t|
008 071023s1961 sp ||||1| spa d
100 1 _aVázquez Díaz, Daniel.
_9113433
245 1 3 _aEl retrato de "Manolete" :
_b[conferencia pronunciada en el Círculo de Bellas Artes] /
_cDaniel Vázquez Díaz ; [con una presentación de Edmundo G. Acebal].
260 _aMadrid :
_bAfrodisio Aguado,
_c[1961]
300 _a78 p., 4 lám. ;
_c19 cm.
600 1 7 _aManolete,
_d1917-1947
_2
_9161488
700 1 _aAcebal, Edmundo G.,
_918207
852 _aES-MaACL
_jC-20332
_bR.48313
999 _c149535
_d149535